01560nam a2200301 a 450000100060000000300080000600500170001400800410003102000160007203500190008804000320010704100080013908200380014711000850018524503140027024601500058426000500073430000380078449000260082265100600084865100760090870000330098471000430101783000340106094200130109499900170110795201340112464008BD-RjUL20211209081248.0170126s1963 pk s o00| 0 eng  c: PRs. 5.00 a(BD-RjUL)64138 aDLCcDLCdDLCdBD-RjULbeng aeng a304.609549021223bKAR 1963 (DCR) aPakistan.bMinistry of Home and Kashmir Affairs (Home Affairs Division).918643210aPopulation census of Pakistan, 1961 : bDistrict census report, Karachi. Parts I-V : General description, general tables, housing tables, population tables, and village statistics. / cPakistan. Ministry of Home and Kashmir Affairs (Home Affairs Division) ; Census organization (Pakistan) ; A. Rashid, [comp.] aDistrict census report, Karachi : bParts I-V : General description, general tables, housing tables, population tables, and village statistics.  aKarachi : bManager of publications,c[1963]. avarious pagings :bIll. ;c25 cm. acensus, 61 ;vNo. 151 aPakistan (West Pakistan)zKarachivCensus, 19619190108 aPakistan (West Pakistan)zKarachixPopulationvStatisticsy19619190109 aRashid, A. , [comp.]9186708 aCensus organization (Pakistan)9186435 acensus, 61 ;vNo. 1519190111 2ddccRAR c64008d64008 00102ddc40718RAREaRUCLbRUCLcRared2017-02-07l0oRA 304.609549021 KAR 1963(DCR)r2017-02-07 00:00:00tC-1w2017-02-07yRAR